000
00234nam a22001097a 4500
003
OSt
008
241231b |||||||| |||| 00| 0 eng d
041
_a
eng
082
_a
690
245
_a
Text Book of Building Construction
942
_c
BK
999
_c
18784
_d
18784